| 000 | 00467nam a2200157 a 4500 | ||
|---|---|---|---|
| 001 | 716 | ||
| 003 | CDMR | ||
| 005 | 20130705112642.0 | ||
| 008 | 130130s2007||||||||||||||||||||||||||||d | ||
| 020 | _a9788493602109 | ||
| 040 |
_aCDMR _bcat _cCPC GIRONA |
||
| 100 | 1 |
_aAlguersuari, José María _9552 |
|
| 245 | 1 | 0 |
_aDiarios de fotografía... y alguna motocicleta _cJosé María Alguersuari |
| 260 |
_c2007 _bProduccions Editorials de la Imatge, _aBarcelona: |
||
| 942 |
_cMON _2ddc |
||
| 999 |
_c716 _d716 |
||